| Record ID | ia:compulsion00ablo |
| Source | Internet Archive |
| Download MARC XML | https://archive.org/download/compulsion00ablo/compulsion00ablo_marc.xml |
| Download MARC binary | https://www.archive.org/download/compulsion00ablo/compulsion00ablo_meta.mrc |
LEADER: 02667cam 2200805Ma 4500
001 ocn224679742
003 OCoLC
005 20100707111051.0
008 060117r20032002nyu e 000 0 eng d
040 $aAU@$beng$cAU@$dBAKER$dZE3$dVUE$dUKM$dCMI
015 $aGBA3-W8133
019 $a52395859
020 $a0312988249
020 $a9780312988241
035 $a(OCoLC)224679742$z(OCoLC)52395859
043 $an-us---$an-us-ma
050 4 $aPS
082 04 $a813.54$221
100 1 $aAblow, Keith R.
245 10 $aCompulsion /$cKeith Ablow.
260 $aNew York :$bSt. Martin's Paperbacks$c2003.
300 $a364 p. ;$c18 cm.
520 $aBurdened by his own psycholigal scars,brilliant forensic psychiatrist Dr.Frank Clevenger has endured the most extreme twists of the human mind.Then he receives a disturbing call from Nantucket's chief of police. The five month old daughter of prominent billionaire Darwin Bishop has been found murdered iun her crib.
650 0 $aForensic psychiatrists$vFiction.
650 0 $aFugitives from justice$vFiction.
650 0 $aChildren of the rich$vFiction.
650 0 $aTeenage boys$vFiction.
650 0 $aTwins$vFiction.
651 0 $aNantucket Island (Mass.)$vFiction.
655 7 $aPsychological fiction.$2lcsh
655 7 $aMystery fiction.$2gsafd
938 $aBaker & Taylor$bBKTY$c6.99$d5.59$i0312988249$n0004162669$sactive
029 0 $aAU@$b000040012365
029 1 $aUKM$bbA3W8133
029 1 $aNZ1$b7740257
029 1 $aUNITY$b037665766
029 1 $aBIRCL$b0312988249
029 1 $aUKSFD$b0312988249
029 1 $aWOLVL$b0312988249
029 1 $aUKBED$b0312988249
029 1 $aUKLBB$b0312988249
029 1 $aUKBCC$b0312988249
029 1 $aUKBRK$b0312988249
029 1 $aUKHCC$b0312988249
029 1 $aUKESR$b0312988249
029 1 $aUKNWH$b0312988249
029 1 $aUKGRN$b0312988249
029 1 $aLGL$b0312988249
029 1 $aUKLHK$b0312988249
029 1 $aW4S$b0312988249
029 1 $aUKSOU$b0312988249
029 1 $aREABC$b0312988249
029 1 $aUKBCH$b0312988249
029 1 $aUKBRW$b0312988249
029 1 $aUKWIR$b0312988249
029 1 $aUKBCI$b0312988249
029 1 $aUKSCO$b0312988249
029 1 $aUKDGL$b0312988249
029 1 $aUKNTL$b0312988249
029 1 $aUKGTH$b0312988249
029 1 $aUKSTC$b0312988249
029 1 $aLEICL$b0312988249
029 1 $aUKCLM$b0312988249
029 1 $aUKKLI$b0312988249
029 1 $aUKWLI$b0312988249
029 1 $aHAF$b0312988249
029 1 $aUKPTR$b0312988249
029 1 $aUKWCC$b0312988249
994 $aZ0$bPMR
948 $hNO HOLDINGS IN PMR - 203 OTHER HOLDINGS